[Event "ODEM U25A 2013"]
[Site "Oberhof GER"]
[Date "2013.05.22"]
[Round "6"]
[White "Eimer, Christina"]
[Black "Nabinger, Annalena"]
[Result "1/2-1/2"]
[Termination "normal"]
[Board "51"]
[WhiteElo "1541"]
[BlackElo "1485"]
[PlyCount "44"]
[WhiteFideId "24655767"]
[BlackFideId "12902225"]
[EventCountry "GER"]
[EventRounds "9"]
[EventType "swiss"]
[EventDate "2013.05.18"]

1. e4 e6 2. d4 d5 3. exd5 exd5 4. Nf3 Nf6 5. Bd3 Bd6 6. O-O O-O 7. Bg5 Bg4 8.
Nbd2 Nbd7 9. c3 c6 10. Qc2 Qc7 11. Rfe1 Rfe8 12. h3 Bh5 13. Nh4 Bg6 14. Bxg6
hxg6 15. Qd3 Bf4 16. Bxf4 Qxf4 17. Nhf3 Ne4 18. Re3 Nxd2 19. Qxd2 Rxe3 20. Qxe3
Qxe3 21. fxe3 Re8 22. Kf2 f6 1/2-1/2

[Event "ODEM U25A 2013"]
[Site "Oberhof GER"]
[Date "2013.05.22"]
[Round "6"]
[White "Koll, Lukas"]
[Black "Brühan, Caren"]
[Result "1/2-1/2"]
[Termination "normal"]
[Board "52"]
[WhiteElo "1464"]
[BlackElo "1643"]
[PlyCount "102"]
[WhiteFideId "12969737"]
[BlackFideId "24691976"]
[EventCountry "GER"]
[EventRounds "9"]
[EventType "swiss"]
[EventDate "2013.05.18"]

1. d4 d5 2. c4 c6 3. Nc3 Nf6 4. Bg5 Nbd7 5. Nf3 e6 6. e3 Be7 7. Bd3 h6 8. Bh4
O-O 9. O-O b6 10. h3 Bb7 11. Re1 c5 12. cxd5 Nxd5 13. Bxe7 Qxe7 14. Nxd5 Bxd5
15. dxc5 Nxc5 16. e4 Bb7 17. Qe2 Nxd3 18. Qxd3 Qb4 19. Qd4 Qxd4 20. Nxd4 Rfd8
21. Nb3 Rac8 22. f3 Kf8 23. Rac1 Rxc1 24. Rxc1 Rd7 25. Kf2 Ke8 26. Ke2 Ba6+ 27.
Kf2 e5 28. a3 Kd8 29. Rc2 Ke7 30. Rd2 Rc7 31. Na1 Bb5 32. Nc2 a5 33. Ne3 Ke6
34. Nf5 Rd7 35. Rxd7 Bxd7 36. Nxg7+ Kf6 37. Nh5+ Kg5 38. Ng3 b5 39. b4 axb4 40.
axb4 h5 41. Ne2 f5 42. exf5 Bxf5 43. Nc3 Bd3 44. g3 h4 45. g4 Kf4 46. Nd5+ Kg5
47. f4+ exf4 48. Kf3 Bc4 49. Nxf4 Bf1 50. Ke4 Bc4 51. Ke5 Bf1 1/2-1/2